LIBRARY & INFORMATION CENTRE, KCAET, TAVANUR

ONLINE PUBLIC ACCESS CATALOGUE (OPAC)

Vidyarthikalodu / (Record no. 6626)

MARC details
000 -LEADER
fixed length control field 00421cam a2200181ua 4500
041 ## - LANGUAGE CODE
Language code of text/sound track or separate title mal
082 ## - DEWEY DECIMAL CLASSIFICATION NUMBER
Classification number 320.58G
Item number GAN/VI
100 ## - MAIN ENTRY--AUTHOR NAME
Personal name Gandhi, M K.
245 ## - TITLE STATEMENT
Title Vidyarthikalodu /
250 ## - EDITION STATEMENT
Edition statement 1 /
260 ## - PUBLICATION, DISTRIBUTION, ETC. (IMPRINT)
Place of publication Kottayam :
Name of publisher National Book Stall ,
Year of publication 1960.
300 ## - PHYSICAL DESCRIPTION
Number of Pages 183 ; .
942 ## - ADDED ENTRY ELEMENTS (KOHA)
Koha item type Books
Holdings
Withdrawn status Lost status Damaged status Home library Current library Date acquired Full call number Accession Number Koha item type
Withdrawn   Damaged KAUAET KAUAET 07/04/2012 320.58G 108 Books
free website counter